000 00805nam a2200193 4500
001 143412
003 ES-MaACL
005 20240203062548.0
007 t|
008 070214s1904 sp r ||||1| spa d
100 1 _aSerrano Rosales, Evaristo.
_9105793
245 1 3 _aLa energía bajo la forma del calor y electricidad en el fenómeno químico
_b: combustión, el dato térmico en las reacciones químicas, los cambios de estado : discurso leído en el grado de Doctor en Ciencias /
_cpor Evaristo Serrano Rosales.
260 _aLa Bañeza :
_b[s. n.],
_c1904 (
_fImp. de Manuel Fernández Fernández)
300 _a41 p. ;
_c22 cm.
500 _aTesis doctoral de la Universidad Central.
710 2 _aUniversidad Central (Madrid)
_97084
852 _aES-MaACL
_jT-1043-F-1
999 _c143412
_d143412